000 00368nam a2200145Ia 4500
008 231129s2008||||xx |||||||||||||| ||spa||
020 _a978-84-261-3335-7
040 _bspa
082 _a(i) 813 P416p
100 _aPennypacker Sara
245 0 _aPedro está enamorado
260 _c2008
264 _aJuventud
942 _2ddc
_cBKS
999 _c22536
_d22536